01677nab a22002657a 4500999001500000003000400015005001700019008004100036040000700077100003400084245013600118260007300254300001500327500007200342505057600414505008900990650003501079650003201114650003401146650003301180650002901213650001701242773013901259942001301398 c5695d5695OSt20251227010736.0190603e xxum|||| |||| 00| 0 spa d cPJ aPastore, José Ignacio9620813aEl daño sin autor en la era algorítmica : bpropuestas a diez años del Código Civil y Comercial /cJosé Ignacio Pastore.  cCiudad Autónoma de Buenos Aires :aThomson Reuters La Ley, b2025. ap. 339-353 aCita: TR LALEY AR/DOC/1760/2025 Publicado en: RCCyC 2025 (agosto). aSumario: I. Ecosistema algorítmico: de la automatización a la autonomía.— II. De la culpa invisible al riesgo creado: diagnóstico crítico del Cód. Civ. y Com.— III. Derecho comparado y jurisprudencia internacional.— IV. Debates doctrinales estratégicos.— V. Propuesta de reforma normativa argentina.— VI. Impacto procesal y prueba en litigios algorítmicos.— VII. Cuando el daño ya tiene rostro: el caso "García v. Character Technologies" como advertencia concreta.— VIII. Consideraciones finales: hacia un contrato social algorítmico.  t¿Te interesa el texto completo? Solicitalo al correo: koha@justierradelfuego.gov.ar 091497aCODIGO CIVIL Y COMERCIAL 091467aRESPONSABILIDAD CIVIL 095817aINTELIGENCIA ARTIFICIAL 096081aCIENCIA Y TECNOLOGÍA 09273aDERECHO INFORMATICO 093331aDAÑO0 0271393170dCiudad Autónoma de Buenos Aires : Thomson Reuters La Ley, 2015-tRevista Código Civil y Comercial. Nº 4 - Agosto 2025 2udccANA